|
|
|
|
| LEADER |
00000naa2a2200000 4500 |
| 001 |
428363 |
| 005 |
20231101074826.0 |
| 035 |
|
|
|a (RuTPU)RU\TPU\prd\87902
|
| 035 |
|
|
|a RU\TPU\prd\10286
|
| 090 |
|
|
|a 428363
|
| 100 |
|
|
|a 20101012a2002 k y0rusy50 ca
|
| 101 |
0 |
|
|a rus
|
| 102 |
|
|
|a RU
|
| 200 |
1 |
|
|a Магнитная проницаемость сферических изделий в переменном однородном поле
|f В. В. Дякин, В. А. Сандовский, М. С. Дударев
|
| 225 |
1 |
|
|a Магнитные и вихриевые методы
|
| 320 |
|
|
|a Библиогр.: 10 назв.
|
| 461 |
|
1 |
|0 (RuTPU)RU\TPU\prd\151
|t Дефектоскопия
|d 1965-
|
| 463 |
|
1 |
|0 (RuTPU)RU\TPU\prd\87901
|t № 11
|v С. 3-6
|d 2002
|
| 610 |
1 |
|
|a магнитная проницаемость
|
| 610 |
1 |
|
|a сферические изделия
|
| 610 |
1 |
|
|a однородное поле
|
| 610 |
1 |
|
|a применение
|
| 610 |
1 |
|
|a ферромагнитный шар
|
| 610 |
1 |
|
|a годографы
|
| 675 |
|
|
|a 620.179.14
|v 3
|
| 700 |
|
1 |
|a Дякин
|b В. В.
|
| 701 |
|
1 |
|a Сандовский
|b В. А.
|
| 701 |
|
1 |
|a Дударев
|b М. С.
|
| 801 |
|
1 |
|a RU
|b 63413507
|c 20030131
|g PSBO
|
| 801 |
|
2 |
|a RU
|b 63413507
|c 20131016
|g RCR
|
| 942 |
|
|
|c BK
|